000 00426nam a2200169 a 4500
005 20210219153136.0
008 991125n 000 0 u
035 _aUPN01000079918
222 _aCUADERNOS DE PEDAGOGIA
245 _aFrente a las creencias
300 _a50-54
362 _a1992 No. 209, dic.
653 0 _aCURRICULUM OCULTO
653 0 _aEVALUACION EDUCATIVA
904 _aAC
_b017729
905 _aArticulo
999 _c69302
_d69302